Born in Saginaw/Michigan - Statistics

General Stats
  • This quiz has been taken 23 times
    13 since last reset
  • The average score is 4 of 7
Answer Stats
Hint Answer % Correct
Head coach of the Los Angeles Lakers 1973 Darvin Ham
100%
Tennis player and winner of 23 Grand Slam singles titles 1981 Serena Williams
100%
Blind singer, "Superstition" "I Just Called to Say I Love You" 1950 Stevie Wonder
100%
Power forward who plays for the Golden State Warriors 1990 Draymond Green
50%
Actor and star of the 1933 version of "King Kong" 1890 Robert Armstrong
50%
Actor, "Euphoria" "Judas and the Black Messiah" "The Hate U Give" 1994 Algee Smith
0%
Actor, "Richard Jewell" "BlacKkKlansman" "Cobra Kai" 1986 Paul Walter Hauser
0%
No matching quizzes found
Score Distribution
Percent of People with Each Score
Percentile by Number Answered
Your Score History
You have not taken this quiz since the last reset